Cope, Radio Ecca / (Record no. 114517)

MARC details
000 -LEADER
campo de control de longitud fija 00826nam a2200205 i 4500
001 - NÚMERO DE CONTROL
campo de control 114517
003 - IDENTIFICADOR DE NÚMERO DE CONTROL
campo de control ES-MaACL
005 - FECHA Y HORA DE LA ÚLTIMA TRANSACCIÓN
campo de control 20230906190157.0
007 - CAMPO FIJO DE DESCRIPCIÓN FÍSICA--INFORMACIÓN GENERAL
campo de control de longitud fija t|
008 - DATOS DE LONGITUD FIJA--INFORMACIÓN GENERAL
campo de control de longitud fija 070307s1968 sp ||||1| spa d
080 ## - NÚMERO DE LA CLASIFICACIÓN DECIMAL UNIVERSAL
Número de la Clasificación Decimal Universal 621.396.7(649.2)
100 1# - ENTRADA PRINCIPAL--NOMBRE DE PERSONA
Nombre de persona Pérez Valiente, Salvador.
9 (RLIN) 91194
245 10 - MENCIÓN DEL TÍTULO
Título Cope, Radio Ecca /
Mención de responsabilidad, etc. emisora cultural popular de Gran Canaria $c [dirección : Salvador Pérez Valiente... ; dibujos... Diego Gómez ; colaborador, José Rubén González].
260 ## - PUBLICACIÓN, DISTRIBUCIÓN, ETC.
Lugar de publicación, distribución, etc. Madrid :
Nombre del editor, distribuidor, etc. Dirección General de Radiodifusión y Televisión Española,
Fecha de publicación, distribución, etc. [1968]
300 ## - DESCRIPCIÓN FÍSICA
Extensión 36 h. :
Otras características físicas il. ;
Dimensiones 22 cm apais.
700 1# - ENTRADA AGREGADA--NOMBRE PERSONAL
Nombre de persona Gómez, Diego.
9 (RLIN) 57754
700 1# - ENTRADA AGREGADA--NOMBRE PERSONAL
Nombre de persona Rubén González, José.
9 (RLIN) 100288
710 1# - ENTRADA AGREGADA--NOMBRE DE ENTIDAD CORPORATIVA
Nombre de entidad corporativa o nombre de jurisdicción como elemento de entrada España.
Unidad subordinada Dirección General de Radiodifusión y Televisión.
9 (RLIN) 3781
852 ## - LOCALIZACIÓN
Ubicación ES-MaACL
Número de control de estantería C-46953
Sublocalización o colección R.65686
Holdings
Estatus retirado Estado de pérdida Estado de daño No para préstamo Biblioteca de origen Biblioteca actual Ubicación en estantería Fecha de adquisición Fuente de adquisición Total de préstamos Signatura topográfica completa Código de barras Visto por última vez Precio de reemplazo Tipo de ítem Koha
        Biblioteca del Ateneo de Madrid Biblioteca del Ateneo de Madrid Depósito 2 17/01/2008     C-46953 1119426 23/02/2023 23/02/2023 Libro impreso